000 00648nam a22002057a 4500
999 _c65355
_d65355
005 20240530110820.0
008 190115s ua a f 000 0 ara d
017 _bمصر. دار الكتب
040 _aEG-CaGPL
_cEG-CaGPL
082 0 4 _221
_a759.9538 /
_bب ف
100 0 _aبدر جاسم القطامى
245 1 2 _aالفنان التشكيلى بدر جاسم القطامى 1988 /
_cبدر جاسم القطامى
250 _aط.1
300 _a50 ص. :
_bايض ؛
_c28 سم.
600 0 _aبدر جاسم القطامى
650 0 7 _2qrmak
651 _2qrmak
942 _2ddc
_cBK